Political economy of the working glass <the> indian debate on unequal exchange
Gespeichert in:
| 1. Verfasser: | |
|---|---|
| Format: | Buch |
| Sprache: | Englisch |
| Veröffentlicht: |
Budapest
Institute for World Economy
1983
|
| Schriftenreihe: | Studies on developing countries
|
| Tags: |
Keine Tags, Fügen Sie das erste Tag hinzu!
|
MARC
| LEADER | 00000nam a2200000 4500 | ||
|---|---|---|---|
| 001 | c132487 | ||
| 005 | 20041019155255.3 | ||
| 041 | 0 | |a eng | |
| 044 | |a HU | ||
| 245 | 1 | 0 | |a Political economy of the working glass |b <the> indian debate on unequal exchange |c I. Lévai |
| 264 | 1 | |a Budapest |b Institute for World Economy |c 1983 | |
| 300 | |a 56 s. | ||
| 490 | 1 | |a Studies on developing countries | |
| 830 | 0 | |a Studies on developing countries | |
| 100 | 1 | |a Lévai, I. | |